Country pine furniture

Bibliographic Details
Main Author: King, Constance
Format: Book
Published: London : The Apple Press , 1989
Subjects:

MARC

LEADER 00000cam a2200000 7i4500
001 0000001777
002 000001935
005 20000330.0
020 |a 1850761361 
090 0 0 |a 645.4   |b KIN 
100 1 |a King, Constance 
245 1 0 |a Country pine furniture   |c Constance King 
260 |a London :   |b The Apple Press ,   |c 1989 
300 |a 128p. :   |b Pic. ;   |c 28 cm. 
650 0 0 |a Furniture finishing 
999 |a 033795   |b BUKU   |c PINJAMAN   |e PERPUSTAKAAN KOMUNITI PETALING JAYA